| Поле | Инд. | ПП | Название | Значение |
|---|---|---|---|---|
| Тип записи | a | |||
| Библиографический уровень | b | |||
| 001 | Контрольный номер | RU/IS/BASE/440678968 | ||
| 005 | Дата корректировки | 20201223120714.6 | ||
| 008 | Кодируемые данные | 20131218 | ||
| 040 | b | Код языка каталог. | rus | |
| e | Правила каталог. | PSBO | ||
| 041 | 0_ | a | Код языка текста | rus |
| 084 | a | Индекс другой классификации/Индекс ББК | 66.01; 60.001(4Ита)6 | |
| 100 | 1_ | a | Автор | Боббио Н. |
| q | Полное имя | Боббио Норберто | ||
| 245 | 10 | a | Заглавие | Свобода и власть |
| c | Ответственность | публикация и перевод А. В. Никандрова | ||
| 504 | a | Библиография | Библиогр. - Примеч.: с. 55 - 56 | |
| 520 | 0_ | a | Аннотация | Очерк входит в книгу-сборник "Политика и культура", вышедшую осенью 1955 г. в издательстве "Эйнауди". Эта книга является важнейшей в творчестве Боббио: исходя из выраженного в ряде статей книги либерального мировоззрения философ решает проблемы соотношения политики и культуры в обществе, разрабатывает этику политического поведения интеллектуалов |
| 600 | a | Персоналии | Боббио Норберто | |
| 650 | 14 | a | Основная рубрика | история философии |
| a | Основная рубрика | политика | ||
| a | Основная рубрика | политическая философия (философия политики) | ||
| a | Основная рубрика | социальная философия | ||
| a | Основная рубрика | философия | ||
| 653 | 1_ | a | Ключевые слова | XX век |
| a | Ключевые слова | интеллектуалы | ||
| a | Ключевые слова | Италия | ||
| a | Ключевые слова | культура | ||
| a | Ключевые слова | культурная политика | ||
| a | Ключевые слова | либерализм | ||
| a | Ключевые слова | либералы | ||
| a | Ключевые слова | свобода | ||
| a | Ключевые слова | свобода мнения | ||
| a | Ключевые слова | свобода печати | ||
| a | Ключевые слова | социализм | ||
| 700 | a | Автор | Никандров А. В. | |
| e | Роль лиц | переводчик | ||
| q | Полное имя | Никандров Алексей Владимирович | ||
| 773 | 08 | t | Заглавие источника | Вопросы философии |
| d | Дата издания источника | 2013 | ||
| g | Прочая информация | № 5. - С. 48 - 56 | ||
| w | Контрольный № источника | RU/IS/BASE/424277693 | ||
| 901 | t | Тип документа | b |